al-Maysir wa-al-qidāḥ /
Main Author:
Other Authors:
Format: Book
Language: Arabic
Published:
[Cairo] :
al-Maṭbaʻah al-Salafīyah wa-Maktabatuhā,
1342 [i. e. 1924].
Subjects:
Tags: Add Tag
Call Number: HV6722 .A68 I25 1924
| LEADER | 01683nam a2200265Ia 4500 | ||
|---|---|---|---|
| 003 | OSt | ||
| 005 | 20230731075309.0 | ||
| 008 | 130303s1924 ua h 000 0 ara d | ||
| 952 | |0 0 |1 0 |2 lcc |4 0 |6 HV6722 A68 I25 01924 |7 1 |9 49393 |a ARCE |b ARCE |d 2023-07-31 |l 0 |o HV6722 .A68 I25 1924 |p 1030592 |r 2023-07-31 00:00:00 |w 2023-07-31 |y BK | ||
| 999 | |c 27507 |d 27507 | ||
| 040 | |c ARCE Library | ||
| 043 | |a ap----- | ||
| 050 | 4 | |a HV6722 .A68 I25 1924 | |
| 100 | 1 | |6 880-01 |a Ibn Qutaybah, ʻAbd Allāh ibn Muslim, |d 828-889?, |e author | |
| 245 | 1 | 3 | |6 880-02 |a al-Maysir wa-al-qidāḥ / |c li-Abī Muḥammad ʻAbd Allāh ibn Muslim ibn Qutaybah ; nasakhahu wa-ṣaḥḥaḥahu wa-ʻallaqa ʻalayhi wa-waḍaʻa fahạrisahu Muḥibb al-Dīn al-Khaṭīb. |
| 264 | 1 | |a [Cairo] : |b al-Maṭbaʻah al-Salafīyah wa-Maktabatuhā, |c 1342 [i. e. 1924]. | |
| 300 | |a 173 pages : |b facsims. ; |c 20 cm. | ||
| 650 | 0 | |a Gambling |z Islamic Empire. | |
| 650 | 0 | |a Arabic literature |x History and criticism. | |
| 650 | 0 | |a Wine in literature. | |
| 700 | 1 | |a Khaṭīb, Muḥibb al-Dīn. | |
| 880 | 1 | |6 100-01/(3/r |a ابن قتيبة، عبد الله بن مسلم، |d 828-889?. | |
| 880 | 1 | 2 | |6 245-02/(3/r |a الميسر و القداح |c أبي محمد عبد الله بن مسلم بن قتيبة ؛ نسخه و صححه و علق عليه و وضع فهارسه محب الدين الخطيب. |
| 901 | |a reviewed | ||
| 942 | |c BK |2 lcc | ||
